ბათუმის შოთა რუსთაველის სახელმწიფო უნივერსიტეტის ბიბლიოთეკა

ბიბლიის არამეული (ბიბ.ჩანაწერი № 43841)

000 -LEADER
fixed length control field 01244nam a2200253Ia 4500
001 - CONTROL NUMBER
control field 10589
003 - CONTROL NUMBER IDENTIFIER
control field GE_BSU
008 - FIXED-LENGTH DATA ELEMENTS--GENERAL INFORMATION
fixed length control field 181216s||||||||xx |||||||||||||| ||und||
020 ## - INTERNATIONAL STANDARD BOOK NUMBER
International Standard Book Number 9789941401503
040 ## - CATALOGING SOURCE
Transcribing agency GE_BSU
080 ## - UNIVERSAL DECIMAL CLASSIFICATION NUMBER
Universal Decimal Classification number 811.411.171'02'36+27-23
100 ## - MAIN ENTRY--PERSONAL NAME
Personal name როზენტალი,ფრანც
245 ## - TITLE STATEMENT
Title ბიბლიის არამეული
245 ## - TITLE STATEMENT
Statement of responsibility, etc. თარგმ.კომენტ.და ბოლოსიტყვ.დაურთო ელენე გიუნაშვილმა.რედ.მარიამ ჩაჩიბაია
260 ## - PUBLICATION, DISTRIBUTION, ETC.
Place of publication, distribution, etc. თბილისი
260 ## - PUBLICATION, DISTRIBUTION, ETC.
Name of publisher, distributor, etc. ლოგოსი
260 ## - PUBLICATION, DISTRIBUTION, ETC.
Date of publication, distribution, etc. 2007 [2008]]
300 ## - PHYSICAL DESCRIPTION
Extent 268გვ.20სმ.
300 ## - PHYSICAL DESCRIPTION
Dimensions ბიბლიოგრ. ტექსტ. შენიშვნ. და გვ. 254-263.
520 ## - SUMMARY, ETC.
Summary, etc. პროგრამა "ლოგოსი". პუბლიკაციები და ღონისძიებები კლასიკური ფილოლოგიის, ბიზანტინისტიკისა და ნეოგრეცისტიკის სფეროში
653 ## - INDEX TERM--UNCONTROLLED
Uncontrolled term ბიბლიის არამეული
942 ## - ADDED ENTRY ELEMENTS (KOHA)
Koha item type წიგნი
ეგზემპლარები
Withdrawn status Lost status Damaged status Not for loan Date acquired Barcode Date last seen Price effective from Koha item type
        2018-12-17 34318 2018-12-17 2018-12-17 წიგნი
        2018-12-17 34319 2018-12-17 2018-12-17 წიგნი
        2018-12-17 34320 2018-12-17 2018-12-17 წიგნი